Rambo Franchise - Statistics

General Stats
  • This quiz has been taken 88 times
  • The average score is 12 of 15
Answer Stats
Type Year Name Info % Correct
Video Game 1985 Rambo Ocean Software
97%
Video Game 1987 Rambo Acclaim Entertainment
97%
Film 2008 Rambo Lionsgate
97%
Video Game 2008 Rambo Sega
97%
Video Game 2014 Rambo: The Video Game Reef Entertainment Ltd
97%
Novel 1972 First Blood David Morrell
87%
Film 1982 First Blood Orion Pictures
87%
Film 1988 Rambo III TriStar Pictures
84%
Video Game 1989 Rambo III Ocean Software / Taito / Sega
84%
Video Game 1989 Rambo III N/A
84%
Film 2019 Rambo: Last Blood Lionsgate
81%
Film 1985 Rambo: First Blood Part II TriStar Pictures
77%
Video Game 1986 Rambo: First Blood Part II Sega
77%
TV Show 1986 Rambo: The Force of Freedom Syndication
9%
Comic Series 1986 Rambo Adventures Giorgio Pedrazzi
4%
No matching quizzes found
Score Distribution
Percent of People with Each Score
Percentile by Number Answered
Your Score History
You have not taken this quiz